ACCA paper 2.3: business taxation (Finance Act 2003): textbook 2004 (Record no. 33228)

MARC details
000 -LEADER
fixed length control field 00653nam a2200157 a 4500
008 - FIXED-LENGTH DATA ELEMENTS--GENERAL INFORMATION
fixed length control field 130925s2003 ||||||||||||||||| || u
020 ## - INTERNATIONAL STANDARD BOOK NUMBER
International Standard Book Number 0748362630
050 ## - LIBRARY OF CONGRESS CALL NUMBER
Classification number HF 5681 .T3 Ass
110 ## - MAIN ENTRY--CORPORATE NAME
Corporate name or jurisdiction name as entry element Association of Chartered Certified Accountants (ACCA)
245 10 - TITLE STATEMENT
Title ACCA paper 2.3: business taxation (Finance Act 2003): textbook 2004
Statement of responsibility, etc. by Association of Chartered Certified Accounts
260 ## - PUBLICATION, DISTRIBUTION, ETC.
Place of publication, distribution, etc. Middlesex
Name of publisher, distributor, etc. Foulks Lynch Ltd
Date of publication, distribution, etc. 2003
300 ## - PHYSICAL DESCRIPTION
Extent xx, 340p.: ill.
650 ## - SUBJECT ADDED ENTRY--TOPICAL TERM
Topical term or geographic name entry element TAXATION
650 #0 - SUBJECT ADDED ENTRY--TOPICAL TERM
Topical term or geographic name entry element BUSINESS
995 ## - RECOMMENDATION 995 [LOCAL, UNIMARC FRANCE]
-- CBU-MAIN LIBRARY (Kitwe)
-- 1
-- AVAILABLE
-- Sep 27, 2013
-- Main Library Open Access Collection
Holdings
Withdrawn status Lost status Source of classification or shelving scheme Damaged status Not for loan Home library Current library Shelving location Date acquired Total Checkouts Full call number Barcode Date last seen Price effective from Koha item type
          CBU-MAIN LIBRARY, KITWE. CBU-MAIN LIBRARY, KITWE.   11/30/2022   HF 5681 .T3 Ass 744582 11/30/2022 11/30/2022 MONOGRAPH